01515cam a2200277 a 450000100090000000300040000900500170001300800410003001000170007102000180008802000280010602000360013402000330017004000180020304200080022105000160022908200120024510000240025724500520028125000130033326000520034630000360039850000330043450507320046765000380119916352710OSt20230615145606.0100728s2011 at a b 001 0 eng  a 2010933655 a9780324586596 a1439038945 (student ed) a9780324586596 (instructor's ed) a1439040761 (instructor's ed) aDLCcDLCdDLC apcc00aHF1359.C37 00a3372231 aCarbaugh, Robert J.10aInternational economics. /cRobert J. Carbaugh. a12th ed. aLondon:bSouth-Western Cengage Learning,c2009. axxii, 553 p. :bills. ;c24 cm. aIncludes appendix and index. aContents: The International economy and globalization -- 1. Foundations of modern trade theory: comparative advantage -- Sources of comparative advantage -- Tariffs -- Nontariff trade barriers -- Trade regulations and industrial policies -- Trade policies for the developing nations -- Regional trading arrangements -- International factor movements and multinational enterprises -- 2. International monetary relations: The Balance of payments -- Foreign exchange -- Exchange-Rate determination -- Balance of payments adjustments -- Exchange-Rate adjustments and the balance of payments -- Exchange-Rate systems and currency crises -- Macroeconomic policy in an open economy -- International banking: reserves debt, and risk. 0aInternational economic relations.